[Event "FIDE World Bl Team Pool D"]
[Site "London ENG"]
[Date "2025.06.14"]
[Round "6.1"]
[White "Amartuvshin, Ganzorig"]
[Black "Erigaisi, Arjun"]
[Result "1/2-1/2"]
[WhiteTitle "IM"]
[BlackTitle "GM"]
[WhiteElo "2430"]
[BlackElo "2782"]
[WhiteTeam "Mongolia-A"]
[BlackTeam "Team MGD1"]
[WhiteFideId "4902548"]
[BlackFideId "35009192"]
[EventDate "2025.06.14"]
[EventType "team"]

1. d4 Nf6 2. c4 e6 3. Nf3 c5 4. d5 b5 5. Bg5 exd5 6. cxd5 h6 7. Bh4 d6 8. e3 b4
9. Nbd2 g5 10. Bg3 Nh5 11. Bb5+ Nd7 12. Nc4 Nxg3 13. hxg3 Rb8 14. Ba4 Qe7 15.
Qd3 Bg7 16. Bc2 Ba6 17. Rb1 Kf8 18. O-O g4 19. Nh4 Ne5 20. Nxe5 Bxd3 21. Nxd3
Bf6 22. Nf5 Qe4 23. Ne1 Qxd5 24. b3 Qe6 25. e4 h5 26. Rd1 Rd8 27. Rd5 h4 28.
gxh4 Bxh4 29. g3 Bf6 30. Ng2 Be5 31. Ngh4 Bf6 32. Ng2 Be5 33. Rfd1 Rd7 34. Bd3
Bd4 35. Ngh4 Qf6 36. Nxd4 cxd4 37. Nf5 Qg5 38. Bf1 Qf6 39. R1xd4 Rh5 40. Bg2
Rxf5 41. exf5 Rc7 42. Rd1 Rc2 43. Rxd6 Qxf5 44. Rf1 Rxa2 45. Rd4 a5 46. Bd5 Kg7
47. Bc4 Qg6 48. Rf4 f5 49. Bd3 Rd2 50. Bxf5 Qd6 51. Rxg4+ Kf8 52. Rf4 Rd4 53.
Be4+ Ke7 54. Re1 Kd8 55. Rf5 Rd1 56. Rxd1 Qxd1+ 57. Kg2 Qxb3 58. Rxa5 Qc4 59.
Re5 b3 60. f4 Qe2+ 61. Kh3 b2 62. Bg6 Qf1+ 63. Kg4 Kd7 64. Bf5+ Kd6 65. Bg6 Qd1+
66. Kh4 b1=R 67. Bxb1 Qxb1 68. Kg4 Qd1+ 69. Kh4 Qf3 70. Rg5 Ke6 71. Re5+ Kf6 72.
Rg5 Qh1+ 73. Kg4 Qd1+ 74. Kh4 Qd8 75. Re5 Kg6+ 76. Kg4 Qd1+ 77. Kh4 Qd8+ 78. Kg4
Qd7+ 79. Kh4 Qh7+ 80. Kg4 Kf6 81. Rg5 Qh2 82. Re5 Qc2 83. Rg5 Qd1+ 84. Kh4 Ke6
85. Re5+ Kf7 86. Rf5+ Kg6 87. Rg5+ Kh6 88. Re5 Qd8+ 89. Kg4 Qd7+ 90. Kh4 Qf7 91.
Kg4 Qd7+ 92. Kh4 Kg6 93. Rg5+ Kf6 94. Re5 Qg7 95. Kh3 Qg6 96. Kh4 Qh7+ 97. Kg4
Qh8 98. Rf5+ Ke6 99. Re5+ Kd6 100. Rg5 Qc8+ 101. Kh4 Qc1 102. Re5 Qd1 103. Rg5
Qe2 104. Re5 1/2-1/2

[Event "FIDE World Bl Team Pool D"]
[Site "London ENG"]
[Date "2025.06.14"]
[Round "6.2"]
[White "Harikrishna, Pentala"]
[Black "Munkhdalai, Amilal"]
[Result "1/2-1/2"]
[WhiteTitle "GM"]
[BlackTitle "IM"]
[WhiteElo "2707"]
[BlackElo "2385"]
[WhiteTeam "Team MGD1"]
[BlackTeam "Mongolia-A"]
[WhiteFideId "5007003"]
[BlackFideId "4903250"]
[EventDate "2025.06.14"]
[EventType "team"]

1. d4 Nf6 2. Nf3 e6 3. Bg5 h6 4. Bh4 c5 5. e3 cxd4 6. exd4 b6 7. Nbd2 Bb7 8. Bd3
Be7 9. c3 d6 10. O-O O-O 11. Bxf6 Bxf6 12. Qe2 Nd7 13. a4 Re8 14. Ba6 Qc8 15.
Bxb7 Qxb7 16. a5 e5 17. dxe5 dxe5 18. Ne4 Be7 19. Rfd1 Qc7 20. Qb5 Rad8 21. axb6
axb6 22. Rd5 Bf8 23. Rad1 Nc5 24. Nxc5 bxc5 25. Qe2 Rxd5 26. Rxd5 e4 27. Nd2 Qb7
28. Qc4 Qxb2 29. Nf1 Qb7 30. h4 Qc6 31. Ne3 Qe6 32. h5 Be7 33. Rd1 Qxc4 34. Nxc4
Bf6 35. Rd5 Bxc3 36. Rxc5 Bd4 37. Rd5 Bf6 38. Kf1 Re6 39. Ne3 g6 40. Rb5 gxh5
41. Rxh5 Bg5 42. Ng4 f5 43. Ne3 f4 44. Ng4 Kg7 45. Ke2 Kg6 46. Rh1 Kf5 47. Nh2
Ra6 48. Rb1 Ra2+ 49. Kf1 e3 50. fxe3 fxe3 51. Nf3 Bf4 52. Nd4+ Kg4 53. Ne2 Bg5
54. Rb4+ Kf5 55. g4+ Ke5 56. Rb5+ Ke4 57. Nc3+ Kf3 58. Rf5+ Kxg4 59. Rxg5+ hxg5
60. Nxa2 Kf3 61. Nc3 g4 62. Ne2 g3 63. Ng1+ Ke4 64. Ne2 g2+ 65. Kxg2 Ke5 1/2-1/2

[Event "FIDE World Bl Team Pool D"]
[Site "London ENG"]
[Date "2025.06.14"]
[Round "6.3"]
[White "Munkhzul, Turmunkh"]
[Black "Anton Guijarro, David"]
[Result "0-1"]
[WhiteTitle "WGM"]
[BlackTitle "GM"]
[WhiteElo "2236"]
[BlackElo "2642"]
[WhiteTeam "Mongolia-A"]
[BlackTeam "Team MGD1"]
[WhiteFideId "4901878"]
[BlackFideId "2285525"]
[EventDate "2025.06.14"]
[EventType "team"]

1. e4 c6 2. d4 d5 3. Nc3 dxe4 4. Nxe4 Nf6 5. Nxf6+ exf6 6. Bc4 Bd6 7. Qe2+ Be7
8. c3 O-O 9. Be3 Re8 10. Qc2 Nd7 11. Ne2 b5 12. Bd3 g6 13. h4 f5 14. h5 Bg5 15.
hxg6 hxg6 16. O-O-O Bxe3+ 17. fxe3 Qg5 18. Kb1 Nf6 19. Rh3 Be6 20. Rdh1 Bd5 21.
Nf4 Kg7 22. a4 bxa4 23. c4 Be4 24. Bxe4 Rxe4 25. Qxa4 Rxe3 26. Rxe3 Qxf4 27.
Rhe1 Qxd4 28. Qc2 Rb8 29. Qc3 Qxc3 30. Rxc3 Ne4 31. Rd3 Rb4 32. Rc1 a5 33. Ka2
Kf6 34. b3 a4 35. Ka3 Rxb3+ 36. Rxb3 axb3 37. Kxb3 Ke5 38. Kb4 c5+ 39. Kb5 g5
40. Rd1 f4 41. Rd5+ Ke6 42. Kc6 g4 43. Rd8 Kf5 44. Kd5 f3 45. gxf3 gxf3 46. Rf8
Nf6+ 47. Kxc5 Nd7+ 0-1

[Event "FIDE World Bl Team Pool D"]
[Site "London ENG"]
[Date "2025.06.14"]
[Round "6.4"]
[White "Pranav, V"]
[Black "Gan-Od, Sereenen"]
[Result "1-0"]
[WhiteTitle "GM"]
[BlackTitle "FM"]
[WhiteElo "2595"]
[BlackElo "2320"]
[WhiteTeam "Team MGD1"]
[BlackTeam "Mongolia-A"]
[WhiteFideId "25060783"]
[BlackFideId "4901304"]
[EventDate "2025.06.14"]
[EventType "team"]

1. e4 c6 2. d4 d5 3. e5 c5 4. Nf3 Nc6 5. c4 cxd4 6. Nxd4 e6 7. Nc3 Nge7 8. cxd5
Nxd5 9. Bb5 Bd7 10. Bxc6 bxc6 11. O-O Be7 12. Qg4 g6 13. Bh6 Bf8 14. Qh3 Nxc3
15. bxc3 Qa5 16. Rfe1 Qc5 17. Nb3 Qe7 18. Rad1 a5 19. Nd2 O-O-O 20. Ne4 Qa3 21.
Bxf8 Rhxf8 22. Qe3 c5 23. Nd6+ Kc7 24. Nc4 Qa4 25. Qxc5+ Qc6 26. Qxa5+ 1-0

[Event "FIDE World Bl Team Pool D"]
[Site "London ENG"]
[Date "2025.06.14"]
[Round "6.5"]
[White "Uuriintuya, Uurtsaikh"]
[Black "Tsolakidou, Stavroula"]
[Result "0-1"]
[WhiteTitle "WGM"]
[BlackTitle "IM"]
[WhiteElo "2141"]
[BlackElo "2428"]
[WhiteTeam "Mongolia-A"]
[BlackTeam "Team MGD1"]
[WhiteFideId "4900227"]
[BlackFideId "4264312"]
[EventDate "2025.06.14"]
[EventType "team"]

1. e4 c5 2. Nf3 d6 3. d4 cxd4 4. Nxd4 Nf6 5. Nc3 a6 6. f4 e5 7. Nf3 Nbd7 8. a4
Qc7 9. Bd3 Be7 10. O-O O-O 11. Kh1 b6 12. Qe1 Bb7 13. Nh4 Rfe8 14. Nf5 Bf8 15.
Qg3 Kh8 16. fxe5 Nxe5 17. Bg5 Nfd7 18. Bf4 Nc5 19. Rad1 Rad8 20. Bg5 f6 21. Bf4
Ng6 22. Rde1 Nxf4 23. Qxf4 Rd7 24. Ne3 Ne6 25. Qh4 Nc5 26. Ned5 Qd8 27. b3 Re5
28. Rf3 b5 29. Rh3 h6 30. axb5 Nxd3 31. cxd3 axb5 32. Nf4 Qe8 33. Qg4 Rg5 34.
Qf3 b4 35. Nce2 d5 36. exd5 Bxd5 37. Nxd5 Rgxd5 38. Rd1 Re5 39. Ng1 Re1 40. Rg3
Bc5 41. d4 Bxd4 0-1

[Event "FIDE World Bl Team Pool D"]
[Site "London ENG"]
[Date "2025.06.14"]
[Round "6.6"]
[White "Atharvaa P Tayade"]
[Black "Han, Qixuan"]
[Result "1-0"]
[WhiteElo "1956"]
[BlackElo "1896"]
[WhiteTeam "Team MGD1"]
[BlackTeam "Mongolia-A"]
[WhiteFideId "25042955"]
[BlackFideId "496944"]
[EventDate "2025.06.14"]
[EventType "team"]

1. e4 c5 2. Nc3 d6 3. g3 g6 4. Bg2 Bg7 5. d3 Nc6 6. f4 e6 7. Nf3 Nge7 8. O-O O-O
9. Be3 Nd4 10. Bf2 Nec6 11. Nxd4 Nxd4 12. e5 dxe5 13. fxe5 Bxe5 14. Ne4 Qc7 15.
c3 Nc6 16. Bxc5 Rd8 17. d4 Bg7 18. Nf6+ Kh8 19. Qf3 Ne5 20. Qf4 Rb8 21. Qxe5
Qxe5 22. dxe5 b6 23. Bd6 Ba6 24. Bxb8 Bxf1 25. Rxf1 Rxb8 26. Rd1 Bxf6 27. exf6
h5 28. Rd7 Kg8 29. Rxa7 Rd8 30. Ra8 1-0

[Event "FIDE World Bl Team Pool D"]
[Site "London ENG"]
[Date "2025.06.14"]
[Round "6.1"]
[White "Kantor, Gergely"]
[Black "Grahn, Vidar"]
[Result "1-0"]
[WhiteTitle "GM"]
[BlackTitle "FM"]
[WhiteElo "2584"]
[BlackElo "2239"]
[WhiteTeam "Team Hungary"]
[BlackTeam "Uppsala SSS"]
[WhiteFideId "751499"]
[BlackFideId "1744780"]
[EventDate "2025.06.14"]
[EventType "team"]

1. Nf3 d5 2. b3 Nf6 3. Bb2 g6 4. c4 c6 5. g3 Bg7 6. Bg2 O-O 7. d3 a5 8. a3 Nbd7
9. O-O Re8 10. Nc3 e5 11. cxd5 cxd5 12. Nb5 Qb6 13. a4 e4 14. dxe4 dxe4 15. Nd2
Nc5 16. Nc4 Qc6 17. Rc1 Be6 18. Ne5 Qb6 19. Bd4 Rac8 20. Qc2 Nxb3 21. Bxb6 Rxc2
22. Rxc2 Nd5 23. Nc4 Nb4 24. Ncd6 Rf8 25. Bxe4 Nxc2 26. Bxc2 1-0

[Event "FIDE World Bl Team Pool D"]
[Site "London ENG"]
[Date "2025.06.14"]
[Round "6.2"]
[White "Frank, Anton"]
[Black "Erdos, Viktor"]
[Result "0-1"]
[WhiteTitle "CM"]
[BlackTitle "GM"]
[WhiteElo "2183"]
[BlackElo "2545"]
[WhiteTeam "Uppsala SSS"]
[BlackTeam "Team Hungary"]
[WhiteFideId "1752383"]
[BlackFideId "719978"]
[EventDate "2025.06.14"]
[EventType "team"]

1. e4 e5 2. Nf3 Nc6 3. Bc4 Nf6 4. d3 Be7 5. O-O O-O 6. Nc3 d6 7. a4 h6 8. h3 Re8
9. Re1 Bf8 10. a5 a6 11. Ne2 Be6 12. Bxe6 Rxe6 13. Ng3 d5 14. c3 Qd7 15. Qb3 Rb8
16. Be3 g6 17. Qa4 Rd8 18. c4 dxe4 19. dxe4 Nd4 20. Nxd4 exd4 21. Qxd7 Rxd7 22.
Bd2 Bd6 23. e5 Rxe5 24. Rxe5 Bxe5 25. Bxh6 d3 26. Rd1 Bxb2 27. Nf1 Bc3 28. Bg5
Ne4 29. Be3 Bxa5 30. f3 Nc3 31. Ra1 Bb4 32. Nd2 a5 33. Kf2 a4 34. f4 f5 35. g4
a3 36. gxf5 gxf5 37. h4 Ne4+ 38. Nxe4 fxe4 39. h5 d2 40. Ke2 Bc3 41. Rd1 a2 42.
Bxd2 Rxd2+ 43. Rxd2 Bxd2 0-1

[Event "FIDE World Bl Team Pool D"]
[Site "London ENG"]
[Date "2025.06.14"]
[Round "6.3"]
[White "Kozak, Adam"]
[Black "Strom-Engdahl, Alexander"]
[Result "1-0"]
[WhiteTitle "GM"]
[BlackTitle "FM"]
[WhiteElo "2587"]
[BlackElo "2320"]
[WhiteTeam "Team Hungary"]
[BlackTeam "Uppsala SSS"]
[WhiteFideId "753246"]
[BlackFideId "1741586"]
[EventDate "2025.06.14"]
[EventType "team"]

1. d4 d5 2. c4 c6 3. Nc3 Nf6 4. e3 Bf5 5. cxd5 cxd5 6. Qb3 Bc8 7. Bd3 Nc6 8. Nf3
e6 9. O-O Bd6 10. Bd2 O-O 11. Rad1 b6 12. e4 dxe4 13. Nxe4 Bb7 14. Nxf6+ Qxf6
15. Bg5 Nxd4 16. Bxh7+ Kxh7 17. Rxd4 Qg6 18. Rxd6 Bxf3 19. Qxf3 Qxg5 20. b3 Kg8
21. Rd7 a5 22. Rxf7 Rxf7 23. Qxa8+ Kh7 24. Qc6 Qd2 25. Qxb6 Qxa2 26. Qxe6 Rf6
27. Qe4+ Kg8 28. Qe3 Qc2 29. h4 Kh7 30. Re1 Qb2 31. Qd3+ Kh6 32. Qe3+ Kh7 33. g3
Qa2 34. Re2 Qb1+ 35. Kg2 Qa1 36. Qd3+ Kh6 37. Re8 g6 38. Re7 Qc1 39. g4 Qc6+ 40.
f3 1-0

[Event "FIDE World Bl Team Pool D"]
[Site "London ENG"]
[Date "2025.06.14"]
[Round "6.4"]
[White "Nilsson, Oliver"]
[Black "Ruck, Robert"]
[Result "0-1"]
[BlackTitle "GM"]
[WhiteElo "2129"]
[BlackElo "2515"]
[WhiteTeam "Uppsala SSS"]
[BlackTeam "Team Hungary"]
[WhiteFideId "1730177"]
[BlackFideId "705713"]
[EventDate "2025.06.14"]
[EventType "team"]

1. e4 c6 2. d4 d5 3. Nc3 dxe4 4. Nxe4 Bf5 5. Ng3 Bg6 6. h4 h6 7. Be3 Nf6 8. Bd3
Bxd3 9. Qxd3 e6 10. O-O-O Be7 11. N1e2 Nbd7 12. Kb1 Qa5 13. Ne4 Nxe4 14. Qxe4
Nf6 15. Qf3 Qd5 16. Qg3 Rg8 17. Nc3 Qd7 18. Rhe1 O-O-O 19. d5 exd5 20. Bxa7 Bd6
21. Qe3 Rge8 22. Qd4 Rxe1 23. Rxe1 Re8 24. Rxe8+ Qxe8 25. a4 Qe7 26. Qd2 Bb4 27.
Bd4 Ne4 28. Qe3 Nxc3+ 29. Bxc3 Qxe3 30. fxe3 Bxc3 31. bxc3 Kc7 32. Kb2 Kd6 33.
Kb3 Kc5 34. g4 g6 35. g5 hxg5 36. hxg5 b6 37. c4 dxc4+ 38. Kc3 b5 39. a5 b4+ 40.
Kb2 Kb5 41. e4 Kxa5 42. c3 c5 43. cxb4+ cxb4 44. e5 Kb5 45. e6 fxe6 0-1

[Event "FIDE World Bl Team Pool D"]
[Site "London ENG"]
[Date "2025.06.14"]
[Round "6.5"]
[White "Gaal, Zsoka"]
[Black "Ostensson, Julia"]
[Result "1-0"]
[WhiteTitle "WGM"]
[WhiteElo "2391"]
[BlackElo "1996"]
[WhiteTeam "Team Hungary"]
[BlackTeam "Uppsala SSS"]
[WhiteFideId "777765"]
[BlackFideId "1747703"]
[EventDate "2025.06.14"]
[EventType "team"]

1. Nf3 Nf6 2. g3 g6 3. b3 Bg7 4. Bb2 O-O 5. Bg2 c5 6. c4 Nc6 7. O-O d6 8. d4
cxd4 9. Nxd4 d5 10. cxd5 Nxd5 11. Nxc6 bxc6 12. Bxg7 Kxg7 13. Qd4+ Kg8 14. Nc3
Nxc3 15. Qxc3 Bb7 16. Rfd1 Qb6 17. Rac1 Rac8 18. Rd7 e6 19. Rcd1 Ba6 20. e3 c5
21. R7d6 Qb5 22. Bf1 1-0

[Event "FIDE World Bl Team Pool D"]
[Site "London ENG"]
[Date "2025.06.14"]
[Round "6.6"]
[White "Morell, Edvin"]
[Black "Marton-John, Almos Kiran"]
[Result "1-0"]
[WhiteElo "1944"]
[BlackElo "1987"]
[WhiteTeam "Uppsala SSS"]
[BlackTeam "Team Hungary"]
[WhiteFideId "1722050"]
[BlackFideId "17013135"]
[EventDate "2025.06.14"]
[EventType "team"]

1. e4 e5 2. Nf3 Nc6 3. Bb5 a6 4. Ba4 Nf6 5. d3 d6 6. O-O g6 7. c3 Bg7 8. Re1 O-O
9. h3 h6 10. d4 Nd7 11. d5 Ne7 12. c4 a5 13. Bxd7 Bxd7 14. Nc3 f5 15. Rb1 f4 16.
c5 g5 17. cxd6 cxd6 18. Qb3 Bc8 19. Nb5 Ng6 20. Qa3 Rf6 21. Nh2 h5 22. f3 Bf8
23. Bd2 Rf7 24. Rbc1 g4 25. hxg4 hxg4 26. Nxg4 Bxg4 27. fxg4 Qh4 28. Qh3 Qg5 29.
Qh5 Qf6 30. g5 Qg7 31. Nc7 Ra7 32. Ne6 Qh7 33. Qxh7+ Rxh7 34. Rc8 Rf7 35. Rec1
Ra6 36. Re8 Rb6 37. b3 a4 38. b4 Rb5 39. Rcc8 Rb6 40. a3 Ra6 41. Kf2 b5 42. Kf3
Raa7 43. Rb8 Rab7 44. Nxf8 Nxf8 45. Rxf8+ Rxf8 46. Rxb7 Rf7 47. Rxb5 Rd7 48. Rb6
Re7 49. Rxd6 Rc7 50. Rc6 Rd7 51. b5 Rb7 52. b6 Rb8 53. d6 Kf7 54. d7 Ke7 55. Kf2 1-0

[Event "FIDE World Bl Team Pool D"]
[Site "London ENG"]
[Date "2025.06.14"]
[Round "6.1"]
[White "Sagalchik, Gennadij"]
[Black "Kawuma, Patrick"]
[Result "1-0"]
[WhiteTitle "GM"]
[BlackTitle "FM"]
[WhiteElo "2434"]
[BlackElo "2231"]
[WhiteTeam "Perfect"]
[BlackTeam "Equity Bank, Kenya"]
[WhiteFideId "2007916"]
[BlackFideId "10000127"]
[EventDate "2025.06.14"]
[EventType "team"]

1. d4 Nf6 2. c4 e6 3. Nc3 Bb4 4. a3 Bxc3+ 5. bxc3 O-O 6. f3 d6 7. e4 e5 8. Bd3
c5 9. Ne2 Nc6 10. O-O Re8 11. Be3 exd4 12. cxd4 d5 13. cxd5 Nxd5 14. Bf2 Nf6 15.
d5 Ne5 16. Bxc5 b6 17. Bf2 Nxd3 18. Qxd3 a5 19. Nd4 Ba6 20. Nb5 a4 21. Rab1 Nd7
22. Bg3 Nc5 23. Qc2 Rc8 24. Nd6 1-0

[Event "FIDE World Bl Team Pool D"]
[Site "London ENG"]
[Date "2025.06.14"]
[Round "6.2"]
[White "Gurevich, Artjom"]
[Black "Atlas, Valery"]
[Result "1-0"]
[BlackTitle "IM"]
[WhiteElo "2183"]
[BlackElo "2401"]
[WhiteTeam "Equity Bank, Kenya"]
[BlackTeam "Perfect"]
[WhiteFideId "2603870"]
[BlackFideId "12000035"]
[EventDate "2025.06.14"]
[EventType "team"]

1. d4 Nf6 2. Nf3 e6 3. c4 b6 4. a3 g6 5. Nc3 Bb7 6. g3 Bg7 7. Bg2 O-O 8. O-O d6
9. b4 Ne4 10. Bb2 Nd7 11. Qd3 Nxc3 12. Bxc3 f5 13. d5 e5 14. e4 fxe4 15. Qxe4
Nf6 16. Qe2 h6 17. Nd2 Bc8 18. Ne4 Bf5 19. Rad1 Qe7 20. c5 a5 21. bxa5 bxa5 22.
Nxf6+ Bxf6 23. Qd2 dxc5 24. d6 cxd6 25. Bxa8 Rxa8 26. Qd5+ Kg7 27. Qxa8 Bg4 28.
f3 Be6 29. Qc6 d5 30. f4 d4 31. fxe5 Bxe5 32. Qe4 Bf5 33. Rxf5 gxf5 34. Qxf5 Bf6
35. Ba1 Qe3+ 36. Qf2 Qxa3 37. Rf1 Qe3 38. Qxe3 dxe3 39. Bxf6+ Kg6 40. Bc3 a4 41.
Ra1 Kf5 42. Kf1 Ke4 43. Ke2 Kd5 1-0

[Event "FIDE World Bl Team Pool D"]
[Site "London ENG"]
[Date "2025.06.14"]
[Round "6.3"]
[White "Slavin, Gennadie"]
[Black "Andiwoh, Moses"]
[Result "1-0"]
[WhiteElo "2207"]
[BlackElo "1796"]
[WhiteTeam "Perfect"]
[BlackTeam "Equity Bank, Kenya"]
[WhiteFideId "4104870"]
[BlackFideId "10801502"]
[EventDate "2025.06.14"]
[EventType "team"]

1. e4 d5 2. d3 e5 3. Nd2 Nf6 4. Ngf3 Nc6 5. g3 Be7 6. Bg2 O-O 7. O-O Bg4 8. h3
Bh5 9. Re1 Bd6 10. c3 h6 11. Qc2 Nh7 12. exd5 Ne7 13. c4 f6 14. c5 Nxd5 15. cxd6
Qxd6 16. Nc4 Qd7 17. Bd2 Bxf3 18. Bxf3 Qxh3 19. Bxd5+ 1-0

[Event "FIDE World Bl Team Pool D"]
[Site "London ENG"]
[Date "2025.06.14"]
[Round "6.4"]
[White "Kuka Kyle"]
[Black "Arakhamia-Grant, Ketevan"]
[Result "0-1"]
[BlackTitle "GM"]
[WhiteElo "1892"]
[BlackElo "2269"]
[WhiteTeam "Equity Bank, Kenya"]
[BlackTeam "Perfect"]
[WhiteFideId "10831533"]
[BlackFideId "13600168"]
[EventDate "2025.06.14"]
[EventType "team"]

1. e4 c5 2. c3 d5 3. exd5 Qxd5 4. d4 Nf6 5. Nf3 e6 6. Na3 Qd8 7. Nc2 Be7 8. Bd3
O-O 9. O-O b6 10. Be3 Bb7 11. Ne5 Nbd7 12. Nxd7 Qxd7 13. Qe2 Rac8 14. Rad1 Qc6
15. f3 c4 16. Be4 Nxe4 17. fxe4 Qxe4 18. Qf2 Bd5 19. Ne1 Bh4 20. Qd2 Bxe1 21.
Rfxe1 Qg6 22. Bf4 f6 23. Bg3 h5 24. Qf2 Rce8 25. Re2 Rd8 26. Rde1 b5 27. Bc7 Rd7
28. Bg3 a5 29. Qf4 b4 30. Qd2 Rb7 31. cxb4 axb4 32. Bd6 Ra8 33. Bxb4 Rxa2 34.
Bc3 Rba7 35. Qf4 Kh7 36. Qf2 Ra1 37. Kf1 Rb1 38. Rxb1 Qxb1+ 39. Re1 Qd3+ 40. Qe2
Qf5+ 41. Qf2 Qg4 42. h3 Qg6 43. Kg1 Ra6 44. Kf1 Ra7 45. Kg1 Rb7 46. Qe2 Rb5 47.
Qf2 0-1

[Event "FIDE World Bl Team Pool D"]
[Site "London ENG"]
[Date "2025.06.14"]
[Round "6.5"]
[White "Atlas, Dmitry"]
[Black "Mutisya, Jully"]
[Result "1-0"]
[WhiteTitle "FM"]
[BlackTitle "WCM"]
[WhiteElo "2107"]
[BlackElo "1822"]
[WhiteTeam "Perfect"]
[BlackTeam "Equity Bank, Kenya"]
[WhiteFideId "12000051"]
[BlackFideId "10814922"]
[EventDate "2025.06.14"]
[EventType "team"]

1. e4 d6 2. d4 g6 3. Nc3 Bg7 4. f3 a6 5. Be3 b5 6. Qd2 Nd7 7. g4 Nb6 8. h4 h6 9.
h5 g5 10. b3 Bb7 11. Nge2 Nf6 12. Ng3 e6 13. Be2 O-O 14. f4 c5 15. fxg5 cxd4 16.
Bxd4 b4 17. gxf6 bxc3 18. Qxc3 Rc8 19. Qb2 Bh8 20. Qc1 Bxf6 21. Bxf6 Qxf6 22.
Rf1 Qg7 23. Rb1 Qc3+ 24. Qd2 Qxg3+ 25. Kd1 Qc3 26. Qxh6 Qxc2+ 27. Ke1 Qc3+ 28.
Kf2 Qd4+ 29. Kg2 Qxe4+ 30. Bf3 Rc2+ 31. Kh3 Qh7 32. Qg5+ Kh8 33. Bxb7 Rc3+ 34.
Kh4 f6 35. Qd2 Rc5 36. Qxd6 Rcc8 1-0

[Event "FIDE World Bl Team Pool D"]
[Site "London ENG"]
[Date "2025.06.14"]
[Round "6.6"]
[White "Ongono, Victor"]
[Black "Mindru, Valeriu"]
[Result "0-1"]
[WhiteElo "1560"]
[BlackElo "1874"]
[WhiteTeam "Equity Bank, Kenya"]
[BlackTeam "Perfect"]
[WhiteFideId "10805214"]
[BlackFideId "13905775"]
[EventDate "2025.06.14"]
[EventType "team"]

1. e4 c6 2. f4 d5 3. exd5 cxd5 4. d4 Nc6 5. Nf3 Bg4 6. Be2 e6 7. O-O Nf6 8. c3
Bd6 9. Ne5 Bxe2 10. Qxe2 O-O 11. Nd2 Re8 12. Ndf3 Nd7 13. Bd2 f6 14. Ng4 e5 15.
fxe5 fxe5 16. Qb5 e4 17. Qxd5+ Kh8 18. Nfe5 Ndxe5 19. Nxe5 Bxe5 20. Qxd8 Bxh2+
21. Kxh2 Raxd8 22. Rae1 Rd7 23. Rf4 Rde7 24. Be3 a6 25. Ref1 Kg8 26. Re1 Nd8 27.
Rg4 Nf7 28. Kg3 Nd6 29. Kf2 Nc4 30. b3 Nxe3 31. Kxe3 Rc8 32. c4 Rce8 33. Rf1 g6
34. Rff4 Rf8 35. Rxf8+ Kxf8 36. Rxe4 Rc7 37. d5 b5 38. Kd4 bxc4 39. bxc4 Rb7 40.
Re2 Kf7 41. c5 Rb4+ 42. Ke5 Rb8 43. d6 Re8+ 44. Kd5 Rxe2 45. c6 Ke8 46. Kc5 Kd8
47. Kb6 Rxa2 48. c7+ Kd7 49. Kb7 Rb2+ 50. Kxa6 Rc2 51. Kb7 g5 52. g4 Rc4 53. Kb8
Rb4+ 54. Ka7 Kc8 55. Ka6 Rxg4 56. Kb6 Rb4+ 57. Kc6 Rc4+ 58. Kd5 Rc1 59. Ke6 g4
60. Ke7 Rd1 0-1

[Event "FIDE World Bl Team Pool D"]
[Site "London ENG"]
[Date "2025.06.14"]
[Round "7.1"]
[White "Kawuma, Patrick"]
[Black "Grischuk, Alexander"]
[Result "0-1"]
[WhiteTitle "FM"]
[BlackTitle "GM"]
[WhiteElo "2231"]
[BlackElo "2667"]
[WhiteTeam "Equity Bank, Kenya"]
[BlackTeam "KazChess"]
[WhiteFideId "10000127"]
[BlackFideId "4126025"]
[EventDate "2025.06.14"]
[EventType "team"]

1. c4 b6 2. Nc3 Bb7 3. e4 e6 4. g3 Bb4 5. Nge2 f5 6. Bg2 Nf6 7. d3 fxe4 8. O-O
O-O 9. dxe4 Bc5 10. Bg5 h6 11. Bxf6 Qxf6 12. Nf4 Qf7 13. Nd3 Nc6 14. Qd2 d6 15.
Nxc5 bxc5 16. e5 Rad8 17. exd6 cxd6 18. Rae1 Nd4 19. f4 a6 20. Ne2 Bxg2 21. Kxg2
Qb7+ 22. Kh3 Nf3 23. Qe3 Nxe1 24. Qxe6+ Qf7 25. Qxf7+ Kxf7 26. Rxe1 Rfe8 27. Kg2
d5 28. cxd5 Rxd5 29. Kf3 Rd3+ 30. Kf2 Rd2 0-1

[Event "FIDE World Bl Team Pool D"]
[Site "London ENG"]
[Date "2025.06.14"]
[Round "7.2"]
[White "Esipenko, Andrey"]
[Black "Gurevich, Artjom"]
[Result "1-0"]
[WhiteTitle "GM"]
[WhiteElo "2689"]
[BlackElo "2183"]
[WhiteTeam "KazChess"]
[BlackTeam "Equity Bank, Kenya"]
[WhiteFideId "24175439"]
[BlackFideId "2603870"]
[EventDate "2025.06.14"]
[EventType "team"]

1. d4 d5 2. Nf3 e6 3. Bf4 c5 4. e3 Nf6 5. Nbd2 Bd6 6. Bg3 O-O 7. c3 b6 8. Bd3
Ba6 9. Bxa6 Nxa6 10. Qe2 Nb8 11. e4 dxe4 12. Nxe4 Bxg3 13. hxg3 Nbd7 14. O-O-O
Nxe4 15. Qxe4 Nf6 16. Qh4 Qd5 17. g4 Qe4 18. g5 Qxh4 19. Rxh4 Nd5 20. Rdh1 h6
21. gxh6 g6 22. dxc5 bxc5 23. Ne5 Rad8 24. Ra4 Rd6 25. Rxa7 1-0

[Event "FIDE World Bl Team Pool D"]
[Site "London ENG"]
[Date "2025.06.14"]
[Round "7.3"]
[White "Andiwoh, Moses"]
[Black "Sadvakasov, Darmen"]
[Result "0-1"]
[BlackTitle "GM"]
[WhiteElo "1796"]
[BlackElo "2629"]
[WhiteTeam "Equity Bank, Kenya"]
[BlackTeam "KazChess"]
[WhiteFideId "10801502"]
[BlackFideId "13700464"]
[EventDate "2025.06.14"]
[EventType "team"]

1. e4 c5 2. Nf3 d6 3. Bb5+ Bd7 4. Bxd7+ Nxd7 5. d4 cxd4 6. Qxd4 Ngf6 7. O-O e6
8. c4 Qb6 9. Nc3 Qxd4 10. Nxd4 a6 11. b3 Rc8 12. Bb2 Nc5 13. f3 Nd3 14. Nd1 d5
15. exd5 exd5 16. Bc3 dxc4 17. Nf2 cxb3 18. Nxd3 Rxc3 19. Rfe1+ Kd8 20. Ne5 Rc7
21. Nxb3 Ba3 22. Rad1+ Kc8 23. Rd4 Re8 24. f4 Bb2 0-1